1616 1966 1050 1501 1519 1938 1889 1917 1558 1322 1204 1583 1196 1333 1604 1127 1023 1788 1461 1174 1816 1675 1611 1569 1052 1831 1336 1907 1898 1092 1299 1721 1312 1396 1798 1753 1681 1318 1019 1461 1779 1330 1705 1646 1477 1102 1957 1098 1332 1042 1064 1744 1222 1037 1949 1315 1791 1842 1882 1096 1224 1134 1023 1450 1727 1486 1287 1537 1291 1753 1073 1968 1713 1359 1296 1953 1656 1701 1320 1033 1644 1839 1749 1442 1950 1281 1262 1886 1058 1570 1701 1874 1609 1035 1727 1977 1589 1303 1189 BCNSPRNW ULIB Ver.6.0+V

เปลี่ยนเป็นภาษาไทย

Change to English
 แสดงรายละเอียดบรรณานุกรม
  กลับหน้าหลัก

Brief Record : Get Marc (ISO 2709) : E-mail record : QR code < ปิดหน้าต่าง
LEADER : 00000nam 2200000uu 4500
001    13399114842
003     ULIB
008    110627s2555||||th 000 0 tha d
090    นว.^bว918G
100 0  เวสต์ แคลร์
245 00 พลิกปมสังหารประธานาธิบดี/^cเวสต์ แคลร์
250    พิมพ์ครั้งที่ 1
260    กรุงเทพฯ :^bซีเอ็ดยูเคชั่น,^c2555-
300     หน้า
945    ^p0^l0^i028462
995    ทศพร
999 ^a ใช้งานได้ทุกระบบ
รายการนี้ยังไม่มีแท็ก
คุณยังไม่ได้ล็อกอิน คุณสามารถมีกิจกรรมร่วมกับเว็บไซต์ได้ แต่ต้องล็อกอินก่อน ::
  ล็อกอิน

รายการสื่อสารสนเทศ

ลำดับที่ ประเภท เลขเรียก/บาร์โค้ด สถานที่ สถานะ
1. นวนิยาย
นวนิยาย
นว. ว918G ฉ.1 
  Barcode: 028462
ห้องสมุดวิทยาเขตสวรรค์ประชารักษ์
►นวนิยาย
บนชั้น
  ขอยืม

รายการใกล้เคียง
    ผู้แต่ง [เวสต์ แคลร์]

BibComment


ยังไม่เคยถูกคอมเมนท์

คอมเมนท์ทรัพยากรรายการนี้
  คอมเมนท์: พลิกปมสังหารประธา..


 Copyright 2026. Bcnsprnw @Library